Normal view
MARC view
- Mehta, Dinesh P
Entry Personal Name
001 - CONTROL NUMBER
- control field: 95067
003 - CONTROL NUMBER IDENTIFIER
- control field: NUST
005 - DATE AND TIME OF LATEST TRANSACTION
- control field: 20220725191727.0
008 - FIXED-LENGTH DATA ELEMENTS
- fixed length control field: 220725|| aca||aabn | a|a d
040 ## - CATALOGING SOURCE
- Original cataloging agency: NUST
- Transcribing agency: NUST
100 ## - HEADING--PERSONAL NAME
- Personal name: Mehta, Dinesh P
670 ## - SOURCE DATA FOUND
- Source citation: Work cat.: (NUST)175270: Handbook of data structures and applications /, c2005.
